000 00514nam a22001577a 4500
003 macl
005 20231121164340.0
008 231121b |||||||| |||| 00| 0 eng d
040 _cmacl
082 _a610
100 _aवॉटल्‍स, वॉलेस डी.
_981781
245 _aस्‍वस्‍थ र‍हने का विज्ञान
260 _aदिल्‍ली
_bविद्या विहार
_c2021
650 _aमेडिकल सांइस
_9242
942 _2ddc
_cHIN
999 _c66388
_d66388